Städte die größer als Hamburg sind - Statistiken

Allgemein
  • Dieses Quiz wurde 272 mal gespielt
    148 seit der letzten Aktualisierung
  • Das Durchschnittsergebnis liegt bei 61 aus 202
Antwortstatistiken
Einwohner Land Stadt % Korrekt
15.907.951 Türkei Istanbul
92%
13.010.112 Russland Moskau
90%
18.960.744 VR China Peking
90%
8.888.608 Vereinigtes Königreich London
89%
9.586.195 Südkorea Seoul
89%
9.733.276 Japan Tokio
89%
21.909.814 VR China Shanghai
86%
5.186.002 Türkei Ankara
85%
3.735.164 Deutschland Berlin
85%
3.849.297 Vereinigte Staaten Los Angeles
85%
3.305.408 Spanien Madrid
85%
10.100.166 Ägypten Kairo
81%
2.206.488 Frankreich Paris
81%
13.127.825 Indien Mumbai
77%
8.843.706 Mexiko Mexiko-Stadt
76%
6.625.849 Brasilien Rio de Janeiro
75%
5.231.147 Australien Sydney
75%
20.591.874 Indien Delhi
74%
2.872.800 Italien Rom
74%
1.982.442 Österreich Wien
74%
10.562.088 Indonesien Jakarta
73%
2.952.301 Ukraine Kiew
73%
12.200.180 Brasilien Sao Paulo
73%
9.039.000 Iran Teheran
73%
4.004.793 Südafrika Kapstadt
72%
9.674.800 Peru Lima
71%
3.120.612 Argentinien Buenos Aires
69%
2.923.369 Brasilien Brasilia
68%
4.976.157 Australien Melbourne
68%
3.291.166 Vereinigte Arabische Emirate Dubai
67%
7.413.070 VR China Hongkong
67%
5.685.807 Singapur Singapur
67%
5.666.264 Thailand Bangkok
66%
7.936.500 Kolumbien Bogotá
65%
3.605.364 Vietnam Hanoi
65%
4.949.347 Südafrika Johannesburg
65%
15.946.000 Nigeria Lagos
65%
6.719.476 Irak Bagdad
62%
16.316.000 DR Kongo Kinshasa
61%
2.696.555 Vereinigte Staaten Chicago
60%
5.188.286 Saudi-Arabien Riad
60%
2.752.412 Japan Osaka
59%
10.278.882 Bangladesch Dhaka
57%
5.263.542 Ägypten Alexandria
55%
3.038.000 Nordkorea Pjöngjang
55%
4.434.600 Afghanistan Kabul
53%
2.794.356 Kanada Toronto
53%
2.364.230 Algerien Algier
52%
16.096.724 VR China Guangzhou
51%
4.397.073 Kenia Nairobi
51%
2.103.000 Syrien Damaskus
50%
2.602.418 Republik China Taipeh
50%
6.112.874 Indien Kalkutta
49%
1.982.112 Malaysia Kuala Lumpur
49%
2.009.786 Belarus Minsk
49%
8.467.513 Vereinigte Staaten New York City
49%
2.089.012 Venezuela Caracas
48%
2.132.183 Kuba Havanna
48%
2.192.229 Australien Perth
48%
2.735.987 Ecuador Quito
48%
2.288.250 Vereinigte Staaten Houston
47%
2.646.503 Senegal Dakar
46%
2.291.352 Ghana Accra
45%
3.480.229 Äthiopien Addis Abeba
45%
3.275.152 Südafrika Pretoria
45%
10.494.879 VR China Wuhan
45%
5.220.161 Chile Santiago de Chile
44%
3.359.818 Marokko Casablanca
40%
9.079.800 Angola Luanda
40%
9.392.938 VR China Xi'an
37%
2.568.927 Australien Brisbane
36%
3.349.016 Südkorea Busan
35%
5.601.911 Russland Sankt Petersburg
35%
17.444.609 VR China Shenzhen
35%
2.862.420 Usbekistan Taschkent
35%
3.840.000 Nigerien Abuja
34%
11.126.285 Pakistan Lahore
33%
2.392.678 Brasilien Belo Horizonte
31%
7.004.921 Vietnam Ho-Chi-Minh-Stadt
31%
2.948.160 Türkei Izmir
31%
14.916.456 Pakistan Karatschi
31%
2.330.700 Somalia Mogadischu
31%
1.982.000 Republik Kongo Brazzaville
30%
9.722.974 Indien Chennai
30%
5.383.728 Tansania Daressalam
30%
2.545.000 Jemen Sanaa
30%
14.254.786 Indien Bangalore
29%
2.100.000 Syrien Aleppo
28%
3.661.911 Südafrika Durban
28%
2.281.951 Kambodscha Phnom Penh
28%
5.616.633 Elfenbeinküste Abidjan
27%
1.982.000 Sudan Khartum
27%
10.269.000 Indien Hyderabad
26%
2.611.100 Kolumbien Medellin
25%
3.777.491 Japan Yokohama
25%
8.253.226 Indien Ahmedabad
23%
2.147.113 Kasachstan Almaty
23%
2.779.811 Mali Bamako
23%
2.188.376 Togo Lomé
23%
2.526.100 Sambia Lusaka
23%
2.485.600 Burkina Faso Ouagadougou
22%
2.581.827 Dominikanische Republik Santo Domingo
22%
4.617.251 VR China Xiamen
22%
13.568.357 VR China Chengdu
21%
2.332.176 Japan Nagoya
21%
9.580.810 VR China Chongqing
19%
2.054.731 Brasilien Manaus
19%
2.527.854 Indonesien Bandung
18%
2.250.800 Kolumbien Cali
17%
3.430.697 Saudi-Arabien Dschidda
17%
1.973.395 Japan Sapporo
17%
2.972.801 Indonesien Surabaya
17%
11.052.404 VR China Tianjin
17%
7.519.814 VR China Nanjing
16%
3.227.246 Bangladesch Chittagong
15%
2.596.157 Brasilien Fortaleza
15%
9.236.032 VR China Hangzhou
15%
5.242.897 VR China Harbin
15%
3.891.823 Indien Pune
15%
4.728.524 Myanmar Rangun
15%
2.765.600 Kamerun Yaoundé
15%
4.367.343 Ägypten Gizeh
14%
1.961.260 Iran Isfahan
13%
2.051.464 Türkei Bursa
12%
4.348.000 Nigeria Kano
12%
6.165.279 VR China Qingdao
12%
2.278.691 Ecuador Guayaquil
11%
7.026.358 VR China Shenyang
11%
2.768.400 Kamerun Douala
10%
5.055.978 VR China Hefei
10%
2.945.454 Südkorea Incheon
10%
4.067.826 Indien Jaipur
10%
2.610.987 Brasilien Salvador
10%
3.864.136 VR China Ürümqi
10%
4.913.879 VR China Dalian
9%
5.273.144 VR China Kunming
9%
3.012.577 VR China Lanzhou
9%
7.567.538 Indien Surat
9%
5.630.256 VR China Changsha
8%
2.907.000 Ghana Kumasi
8%
2.886.562 Indien Nagpur
8%
3.875.000 Nigeria Ibadan
7%
2.410.700 Südkorea Daegu
6%
3.204.726 Pakistan Faisalabad
6%
3.723.454 VR China Fuzhou
6%
5.452.335 VR China Jinan
6%
3.790.274 Indien Lucknow
6%
2.435.252 Indonesien Medan
6%
2.960.048 Philippinen Quezon City
6%
2.098.231 Pakistan Rawalpindi
6%
3.203.932 Indien Kanpur
5%
2.812.000 DR Kongo Lubumbashi
5%
3.731.203 VR China Ningbo
5%
1.970.042 Pakistan Peschawar
5%
2.582.017 VR China Wenzhou
5%
1.953.000 Nigeria Benin City
4%
4.557.356 VR China Changchun
4%
2.765.932 Republik China Kaohsiung
4%
3.001.184 Iran Maschhad
4%
4.582.703 VR China Nanning
4%
3.890.169 VR China Shantou
4%
6.461.013 VR China Zhengzhou
4%
9.042.509 VR China Foshan
3%
2.463.588 Indien Indore
3%
2.892.000 DR Kongo Mbuji-Mayi
3%
2.549.968 VR China Tangshan
3%
2.104.114 VR China Baotou
2%
9.644.871 VR China Dongguan
2%
3.379.104 Südafrika Ekurhuleni
2%
4.021.275 VR China Guiyang
2%
2.027.001 Pakistan Gujranwala
2%
2.349.239 VR China Haikou
2%
2.373.399 VR China Hohhot
2%
2.090.578 VR China Huizhou
2%
1.892.500 VR China Luoyang
2%
2.987.600 VR China Nantong
2%
4.030.954 Republik China Neu-Taipeh
2%
2.395.159 Sudan Omdurman
2%
3.480.000 Nigerien Port Harcourt
2%
1.903.398 Bolivien Santa Cruz de la Sierra
2%
5.090.440 VR China Shijiazhuang
2%
2.820.787 Republik China Taichung
2%
4.303.673 VR China Taiyuan
2%
1.998.405 VR China Weifang
2%
3.956.985 VR China Wuxi
2%
3.841.873 VR China Zhongshan
2%
2.207.090 VR China Zhuhai
2%
2.750.312 VR China Zibo
2%
1.940.384 VR China Baoding
1%
2.468.448 Indonesien Bekasi
1%
3.187.315 VR China Changzhou
1%
1.893.321 Indonesien Depok
1%
2.674.697 Bangladesch Gazipur
1%
2.095.134 VR China Handan
1%
2.743.843 VR China Linyi
1%
2.204.841 VR China Liuzhou
1%
3.518.975 VR China Nanchang
1%
2.333.080 VR China Shaoxing
1%
1.895.486 Indonesien Tangerang
1%
2.268.807 Republik China Taoyuan
1%
2.845.552 VR China Xuzhou
1%
5.892.892 VR China Suzhou (Jiangsu)
0%
Keine übereinstimmenden Quizze gefunden
Verteilung der Resultate
Anzahl Personen mit jedem Resultat
Perzentil nach korrekt beantworteten Fragen
Ihre Resultats-Entwicklung
Sie haben dieses Quiz seit der letzten Aktualisierung nicht gespielt